Greek science : its meaning for us
Αποθηκεύτηκε σε:
| Κύριος συγγραφέας: | |
|---|---|
| Μορφή: | Βιβλίο |
| Γλώσσα: | English |
| Δημοσίευση: |
England :
Penguin books,
1966, c1949.
|
| Θέματα: | |
| Ετικέτες: |
Προσθήκη ετικέτας
Δεν υπάρχουν, Καταχωρήστε ετικέτα πρώτοι!
|
MARC
| LEADER | 00000cam a2200000 i 4500 | ||
|---|---|---|---|
| 001 | 1/101553 | ||
| 008 | 090220r19661949enk| ||| |||| ||eng|| | ||
| 035 | |l 10103309 | ||
| 040 | |a GR-MyUa |b gre |e AACR2 | ||
| 041 | 0 | |a eng | |
| 082 | 7 | |a 180.938 |2 (22) | |
| 100 | 1 | |a Farrington, Benjamin, |d 1891-1974. | |
| 245 | 1 | 0 | |a Greek science : |b its meaning for us / |c Benjamin Farrington. |
| 260 | |a England : |b Penguin books, |c 1966, c1949. | ||
| 300 | |a 320 σ. ; |c 18 εκ. | ||
| 504 | |a Περιέχει ευρετήριο | ||
| 650 | 0 | |a Science |z Greece |x History. | |
| 650 | 0 | |a Science, Ancient |x History. | |
| 650 | 0 | |a Philosophy, Ancient. | |
| 767 | 0 | 8 | |i Μεταφρασμένο ως: |t Η επιστήμη στην αρχαία Ελλάδα / |
| 852 | |a INST |b SAMOS |c MAG |e 20090220 |h 180.938 FAR |p 005300029277 |q 005300029277 |t BK |y 0 | ||
| 901 | |a BIBL3-2009-1 | ||
| 970 | |a ΡΟΥΣΣΟΥ |b ΚΩΝΣΤΑΝΤΙΝΑ |z 2009/02/20 | ||